000 00476nam a22001577a 4500
999 _c182020
_d182020
005 20211020121958.0
010 _aEN230921
020 _a9788131610701
_c1195.00
037 _bRawat Publications
245 _aTribal language,literature and folklore /
_cEdt. by M.C. Behera
260 _aNew Delhi
_bRawat Publications
_c2019
270 _a4858/24, Ansari Road, Daryaganj
_bNew Delhi
_e110002
300 _ax, 293p.
_c23cm(Hb)
700 _aBehera, M.C.
942 _2ddc
_cEN
_mTRI